E.R. - Name the episode #5 - Statistics

General Stats
  • This quiz has been taken 5 times
  • The average score is 11 of 14
Answer Stats
Hint Answer % Correct
Season 2 A Miracle Happens Here
100%
Season 12 All About Christmas Eve
75%
Season 4 Do You See What I See?
75%
Season 9 Hindsight
75%
Season 3 Homeless for the Holidays
75%
Season 6 How the Finch Stole Christmas
75%
Season 8 I'll Be Home for Christmas
75%
Season 10 Makemba
75%
Season 1 The Gift
75%
Season 7 The Greatest of Gifts
75%
Season 15 The High Holiday
75%
Season 5 The Miracle Worker
75%
Season 11 Twas the Night
75%
Season 13 City of Mercy
50%
No matching quizzes found
Score Distribution
Percent of People with Each Score
Percentile by Number Answered
Your Score History
You have not taken this quiz